Classement du Ballon d'or 2007 - Statistiques

Statistiques générales
  • Ce quiz a été pris 202 fois
  • Le résultat moyen est 21 sur 35
Statistiques - réponses
Classement Joueur Club du joueur Nationalité % Correct
2 Cristiano Ronaldo Manchester United Portugal
100%
3 Lionel Messi FC Barcelone Argentine
100%
4 Didier Drogba Chelsea FC Côte d'ivoire
99%
1 Kaka AC Milan Brésil
99%
7 Zlatan Ibrahimovic Inter Milan Suède
93%
10 Francesco Totti AS Roma Italie
80%
17 Franck Ribéry Olympique de Marseille / Bayern Munich France
80%
5 Andrea Pirlo AC Milan Italie
79%
31 Samuel Eto'o FC Barcelone Cameroun
77%
18 Paolo Maldini AC Milan Italie
76%
13 Steven Gerrard Liverpool FC Angleterre
76%
12 Ronaldinho FC Barcelone Brésil
75%
22 Thierry Henry FC Barcelone France
73%
32 Ryan Giggs Manchester United Pays de Galles
70%
8 Cesc Fàbregas Arsenal FC Espagne
67%
6 Ruud Van Nistelrooy Real Madrid Pays-Bas
67%
19 Gianluigi Buffon Juventus FC Italie
66%
25 Michael Essien Chelsea FC Ghana
63%
26 Wayne Rooney Manchester United Angleterre
62%
24 Fabio Cannavaro Real Madrid Italie
61%
20 Petr Cech Chelsea FC République Tchèque
60%
27 Iker Casillas Real Madrid Espagne
56%
35 Robin Van Persie Arsenal FC Pays-Bas
55%
23 Clarence Seedorf AC Milan Pays-Bas / Suriname
54%
34 Carlos Tévez West-Ham United / Manchester United Argentine
50%
30 Dimitar Berbatov Tottenham Hotspur Bulgarie
50%
16 Filippo Inzaghi AC Milan Italie
50%
9 Robinho Real Madrid Brésil
49%
21 Gennaro Gattuso AC Milan Italie
44%
15 Dani Alves FC Séville Brésil
40%
14 Juan Roman Riquelme Villarreal CF Argentine
31%
33 Guillermo Ochoa Club América Mexique
15%
11 Frédéric Kanouté FC Séville Mali
14%
28 Rogerio Ceni Sao Paulo FC Brésil
4%
29 Younis Mahmoud Al-Gharafa Irak
1%
Aucun quiz correspondant
Distribution des résultats
% des personnes avec chaque résultat
Percentile par nombre de réponses
Votre historique - résultats
Vous n’avez pas pris ce quiz